|
|
|
|
| LEADER |
02032nam a2200529 a 4500 |
| 001 |
nkc20081797351 |
| 003 |
CZ PrNK |
| 005 |
20110714142011.0 |
| 007 |
ta |
| 008 |
080321s2008 xr ac e 001 1acze |
| 015 |
|
|
|a cnb001797351
|
| 020 |
|
|
|a 978-80-7258-272-3
|q (brož.)
|
| 035 |
|
|
|a (OCoLC)237069849
|
| 040 |
|
|
|a OLA001
|b cze
|d ABA001
|
| 043 |
|
|
|a e-xr---
|
| 045 |
|
|
|a x1y0
|
| 072 |
|
7 |
|a 792
|x Divadlo. Divadelní představení
|2 Konspekt
|9 3
|
| 072 |
|
7 |
|a 929
|x Biografie
|2 Konspekt
|9 8
|
| 080 |
|
|
|a 929
|2 MRF
|
| 080 |
|
|
|a 792.82.071.2-055.2
|2 MRF
|
| 080 |
|
|
|a 792.027.5.071.1-055.2
|2 MRF
|
| 080 |
|
|
|a 37.011.3-055.2
|2 MRF
|
| 080 |
|
|
|a (437.3)
|2 MRF
|
| 080 |
|
|
|a (0:82-94)
|2 MRF
|
| 100 |
1 |
|
|a Šemberová, Zora,
|d 1913-2012
|7 ola200201585
|4 aut
|
| 245 |
1 |
0 |
|a Na šťastné planetě /
|c Zora Šemberová ; [na textu spolupracovala Eva Benšová-Matyášová]
|
| 250 |
|
|
|a Vyd. 1.
|
| 260 |
|
|
|a Praha :
|b Národní divadlo,
|c 2008
|
| 300 |
|
|
|a 189 s. :
|b il., portréty ;
|c 22 cm
|
| 500 |
|
|
|a Obsahuje rejstřík
|
| 500 |
|
|
|a Chronologický přehled umělecké činnosti Z.Š. do r. 1968
|
| 600 |
1 |
7 |
|a Šemberová, Zora,
|d 1913-2012
|7 ola200201585
|2 czenas
|
| 648 |
|
7 |
|a 20.-21. století
|7 ch462155
|2 czenas
|
| 650 |
0 |
7 |
|a baletky
|7 ph217750
|z Česko
|y 20.-21. stol.
|2 czenas
|
| 650 |
0 |
7 |
|a choreografky
|7 ph312519
|z Česko
|y 20.-21. stol.
|2 czenas
|
| 650 |
0 |
7 |
|a pedagožky
|7 ph270273
|z Česko
|y 20.-21. stol.
|2 czenas
|
| 650 |
0 |
9 |
|a ballerinas
|z Czechia
|y 20th-21st centuries
|2 eczenas
|
| 650 |
0 |
9 |
|a women choreographers
|z Czechia
|y 20th-21st centuries
|2 eczenas
|
| 650 |
0 |
9 |
|a women educationalists
|z Czechia
|y 20th-21st centuries
|2 eczenas
|
| 655 |
|
7 |
|a autobiografické vzpomínky
|7 fd131854
|2 czenas
|
| 655 |
|
9 |
|a autobiographical reminiscences
|2 eczenas
|
| 700 |
1 |
|
|a Benšová-Matyášová, Eva,
|d 1929-2007
|7 jk01011692
|4 aut
|
| 910 |
2 |
|
|a BOA001
|b 2-1199.845
|
| 990 |
|
|
|a BK
|
| 995 |
|
|
|a 01
|
| 991 |
|
|
|b 200804
|
| 996 |
6 |
|
|b 2610338998
|c 2-1199.845
|l MZK
|r Sklad / do 1 hodiny
|n 3
|p p.v.
|w 000890384
|u 000010
|a 1
|e BOA001
|j MZK50
|s P
|